Statistiques concernant 12 mois en 15 secondes

Cliquez ici pour prendre le quiz!

Statistiques générales

  • Ce quiz a été pris 406 101 fois
  • Le résultat moyen est 7 sur 12

Statistiques - réponses

Mois% Correct
Janvier
94%
Mars
87%
Février
86%
Avril
83%
Mai
81%
Juin
78%
Juillet
66%
Août
56%
Septembre
40%
Octobre
30%
Novembre
21%
Décembre
18%

Distribution des résultats

Percentile par nombre de réponses

% des personnes avec chaque résultat

Votre développement - résultats

Vous n’avez pas pris ce quiz